000 00569nam a2200181Ia 4500
008 100920s9999 xx 000 0 und d
082 _b33599
_a491.462 थ 58
100 _aदेवल गोविंद बल्लाळ.
245 _aसंगीत संशय कल्लोळ.
260 _b---
_c1958
300 _a88
_bसाधी
365 _b5
520 _aनाटक.
630 _aसंगीत संशय कल्लोळ.
650 _aनाटक.
730 _aसंगीत संशय कल्लोळ.
942 _cBOOK
999 _c688149
_d688146